000 01108nam a22002297a 4500
999 _c21702
_d21702
003 AR-CdUCM
008 190425b ||||| |||| 00| 0 spa d
040 _aMUNICIPALIDAD PROVINCIAL DEL CUSCO
_cBIBLIOTECA MUNICIPAL DEL CUSCO
082 _aRev.Univ/N°30/1919
_bRev.Univ/N°30/1919
110 _aUniversidad Nacional de San Antonio Abad del Cusco
_915942
245 _aRevista Universitaria :
_bÓrgano de la Universidad del Cuzco /
260 _aCusco :
_bEl Trabajo,
_cdiciembre,1919.
300 _a76 páginas. :
_c20 cm.
440 _aRevista Universitaria
_nAño VIII, diciembre 1919, N°30
_945811
505 _aContenido: Memoria del Sr. Rector de la Universidad del Cuzco. Alberto A. Giesecke, correspondiente al año académico de 1919. -- El impuesto sobre la renta en el Perú marcha de la universidad en 1919. -- Documentos anexos a la memoria del mismo año. -- Crónica universitaria.
650 _aImpuestos
_9381
650 _aUniversidades
_92151
650 _aSiglo XX
_945802
710 _aUniversidad Nacional de San Antonio Abad del Cusco
_915942
942 _2ddc
_cPP
945 _arac